Statistics for Biggest Cities Starting with N

Click here to take the quiz!

General Stats

  • This quiz has been taken 18,684 times
    (2,319 since last reset)
  • The average score is 9 of 17

Answer Stats

CountryPopulationCity% Correct
United States22.0 milNew York City
99%
Italy4.05 milNaples
97%
Kenya6.70 milNairobi
96%
China9.30 milNanjing
76%
Japan10.5 milNagoya
74%
Chad1.88 milN'Djamena
65%
Niger1.48 milNiamey
65%
Russia1.66 milNizhny Novgorod
54%
Russia1.86 mlNovosibirsk
53%
United States1.63 milNashville
49%
China5.30 milNanning
36%
India3.50 milNagpur
32%
China7.30 milNingbo
29%
China4.98 milNanchang
18%
China3.35 milNantong
13%
India2.35 milNashik
11%
China1.61 milNanyang
8%

Score Distribution

Percentile by Number Answered

Percent of People with Each Score

Your Score History

You have not taken this quiz since the last reset